Trends in daily traffic fatalities, 1975-1995.

Bibliographic Details
Corporate Author: United States. National Highway Traffic Safety Administration
Format: Government Document Book
Language:English
Published: Washington, DC : U.S. Department of Transportation, National Highway Traffic Safety Administration, [1996]
Series:Research note (United States. National Highway Traffic Safety Administration)
Subjects:
Online Access:https://purl.fdlp.gov/GPO/LPS99921

MARC

Tag First Indicator Second Indicator Subfields
LEADER 00000cam a2200000Ka 4500
001 in00002415421
005 20211129173114.0
006 m d f
008 080813s1996 dcu s f000 0 eng d
035 |a (OCoLC)ocn243699333 
040 |a GPO  |c GPO  |d GPO  |d MvI  |d UtOrBLW 
049 |a WWW 
074 |a 0982-D-51 (online) 
086 0 |a TD 8.2:F 26/8 
245 0 0 |a Trends in daily traffic fatalities, 1975-1995. 
264 1 |a Washington, DC :  |b U.S. Department of Transportation, National Highway Traffic Safety Administration,  |c [1996] 
300 |a 4 unnumbered pages :  |b digital, PDF file. 
336 |a text  |b txt  |2 rdacontent 
337 |a computer  |b c  |2 rdamedia 
338 |a unspecified  |b zu  |2 rdacarrier 
490 1 |a Research note / NHTSA 
538 |a Mode of access: Internet via the NHTSA web site. Address as of 08/13/08: http://www-nrd.nhtsa.dot.gov/Pubs/96845.PDF ; current access available via PURL. 
500 |a Title from title screen (viewed on Aug. 13, 2008). 
500 |a "August 1996." 
500 |a Electronic resource. 
650 0 |a Traffic fatalities  |z United States  |v Statistics. 
710 1 |a United States.  |b National Highway Traffic Safety Administration. 
830 0 |a Research note (United States. National Highway Traffic Safety Administration) 
856 4 0 |u https://purl.fdlp.gov/GPO/LPS99921  |t 0 
999 |a MARS 
999 f f |s aa27a9cf-98af-399b-8dae-204f6aa9c96e  |i d3bb37a1-0a53-3cc0-aa3c-f1410d072d82  |t 0 
952 f f |a Texas A&M University  |b College Station  |c Electronic Resources  |d Available Online  |t 0  |e TD 8.2:F 26/8  |h Superintendent of Documents classification 
998 f f |a TD 8.2:F 26/8  |t 0  |l Available Online